| 000 | 00697nam0a22002531 4500 | ||
|---|---|---|---|
| 001 | RU\NLR\INFOCOMM18\ROSSICA\1000004304 | ||
| 005 | 20250613193619.0 | ||
| 035 | _a(NLR Aleph) 009976371 | ||
| 090 |
_a9673040 _c9673040 |
||
| 100 | _a20030512d1854 |||y0rusy50 ca | ||
| 101 | 0 | _ager | |
| 102 | _aRU | ||
| 105 | _ay ||||000ay | ||
| 200 | 1 |
_aUeber die Versteinerungen der silurischen Kalksteine von Bogoslowsk _fM.v. Grünewaldt |
|
| 210 |
_aSt.Petersburg _d1854 |
||
| 215 | _d4° | ||
| 700 | 1 |
_aGrünewaldt _bM.v. _gMoritz v. _4070 |
|
| 801 | 1 |
_aRU _bInfoComm _c20030512 |
|
| 801 | 0 |
_aRU _bNLR _gPSBO |
|
| 852 |
_aNLR _j13.20.1.29 |
||
| 942 | _cBOOK | ||
| 980 | _aNB | ||
| 980 | _aRossica | ||